000 00339nam a2200133Ia 4500
005 20251222154306.0
008 251222s9999||||xx |||||||||||||| ||spa||
020 _a84-279-0849-1
082 _a610/A55
100 _a"Amosov, N.M."
245 2 _aA corazón abierto: Experiencias de un gran cirujano ruso
250 _a3a.ed.
942 _cLIB
999 _c33221
_d33221